NBA G League Basketball Teams - Statistics

General Stats
  • This quiz has been taken 577 times
  • The average score is 13 of 30
Answer Stats
Eastern Conference % Correct
South Bay Lakers
70%
Santa Cruz Warriors
69%
Maine Celtics
66%
Raptors 905
58%
Windy City Bulls
58%
Austin Spurs
57%
Long Island Nets
53%
Stockton Kings
53%
Lakeland Magic
52%
Oklahoma City Blue
52%
Westchester Knicks
52%
Ontario Clippers
50%
Wisconsin Herd
48%
NBA G League Ignite
44%
Rio Grande Valley Vipers
43%
Iowa Wolves
41%
Memphis Hustle
41%
Delaware Blue Coats
40%
Capital City Go-Go
39%
Cleveland Charge
39%
Fort Wayne Mad Ants
39%
Greensboro Swarm
38%
Sioux Falls Skyforce
38%
Salt Lake City Stars
35%
Texas Legends
33%
Grand Rapids Gold
30%
College Park Skyhawks
29%
Capitanes de Ciudad de México
27%
Birmingham Squadron
26%
Motor City Cruise
26%
No matching quizzes found
Score Distribution
Percent of People with Each Score
Percentile by Number Answered
Your Score History
You have not taken this quiz